Countries Whose Second Letter Is H - Statistics

General Stats
  • This quiz has been taken 96 times
    94 since last reset
  • The average score is 5 of 7
Answer Stats
Answer % Correct
China
87%
Chile
82%
Thailand
79%
Bhutan
78%
Ghana
78%
Chad
70%
Philippines
63%
No matching quizzes found
Score Distribution
Percent of People with Each Score
Percentile by Number Answered
Your Score History
You have not taken this quiz since the last reset